India policy forum 2008|09 / (Record no. 42443)

MARC details
000 -LEADER
fixed length control field 01006nam a22002657a 4500
005 - DATE AND TIME OF LATEST TRANSACTION
control field 20100818144258.0
010 ## - LCCN (DPL NO)
LC control number ENG-100732
020 ## - INTERNATIONAL STANDARD BOOK NUMBER
International Standard Book Number 9788132101499
Terms of availability 595.00
035 ## - SYSTEM CONTROL NUMBER
System control number EN-84265
037 ## - SOURCE OF ACQUISITION
Source of stock number/acquisition DBAD/PUB
082 ## - DEWEY DECIMAL CLASSIFICATION NUMBER
Classification number 330.9
245 ## - TITLE STATEMENT
Title India policy forum 2008|09 /
Remainder of title
Statement of responsibility, etc edited by Suman Bery, Barry Bosworth [and] Arvind Panagariya
260 ## - PUBLICATION, DISTRIBUTION, ETC. (IMPRINT)
Place of publication, distribution, etc New Delhi
Name of publisher, distributor, etc Sage Publications
Date of publication, distribution, etc 2009
270 ## - ADDRESS
Address B1/I-1, Mohan Cooperative Industrial Area, Mathura Road
City New Delhi
Postal code 110044
300 ## - PHYSICAL DESCRIPTION
Extent v.5 (xix, 295p.)
Dimensions 23cm (pbk)
650 ## - SUBJECT ADDED ENTRY--TOPICAL TERM
Topical term or geographic name as entry element Capital movements
650 ## - SUBJECT ADDED ENTRY--TOPICAL TERM
Topical term or geographic name as entry element Economic policy
650 ## - SUBJECT ADDED ENTRY--TOPICAL TERM
Topical term or geographic name as entry element Foreign exchange rates
650 ## - SUBJECT ADDED ENTRY--TOPICAL TERM
Topical term or geographic name as entry element Manufacturng industries
700 ## - ADDED ENTRY--PERSONAL NAME
Personal name Bery, Suman
9 (RLIN) 3148
700 ## - ADDED ENTRY--PERSONAL NAME
Personal name Bosworth, Barry
9 (RLIN) 14794
700 ## - ADDED ENTRY--PERSONAL NAME
Personal name Panagariya, Arvind
9 (RLIN) 14830
942 ## - ADDED ENTRY ELEMENTS (KOHA)
Source of classification or shelving scheme Dewey Decimal Classification
Item type English Books
Classification part 330.9
Call number suffix IND
Holdings
Withdrawn status Lost status Not for loan Collection code Home library Current library Date acquired Source of acquisition Cost, normal purchase price Full call number Barcode Copy number Cost, replacement price Koha item type
    Not For Loan Non-fiction D.B.Act.Division D.B.Act.Division 18/08/2010 DBAD/PUB 595.00 330.9 IND EN-84265 1 595.00 English Books

© Delhi Public Library
Hit Counter
free hit counter